000 00788nam a2200241Ia 4500
003 OSt
005 20250804155916.0
008 210210b2004 xxu||||| |||| 00| 0 eng d
040 _cAL
041 _aKannada
082 _aK894.308 VIST
100 _aVISHVESHVARA BHAT
_dವಿಶ್ವೇಶ್ವರ ಭಟ್
_9233812
245 _aTajmahal: Bahumanitha kathegalu
_bತಾಜಮಹಲ್ ಬಹುಮಾನಿತ ಕಥೆಗಳು
260 _aBengaluru
_bAnkita Pustaka
_c2004
300 _a160
650 _aTajmahal
_9233813
650 _akathegalu
_9233814
650 _aBahumanitha
_9233815
690 _aKannada Fiction
_9233816
700 _aPRAKASH KAMBATTALLI
_d ಪ್ರಕಾಶ್ ಕಂಬತ್ತಳ್ಳಿ
_9233817
906 _a063153
942 _2ddc
_cBK
999 _c134597
_d134597